[Event "Sucre op 7th"]
[Site "Sucre"]
[Date "2023.12.07"]
[Round "1"]
[White "Poveda Cueto, Julio Manuel"]
[Black "Monroy G, Javier A"]
[Result "0-1"]
[WhiteElo "1203"]
[BlackElo "1959"]
[PlyCount "58"]
[EventDate "2023.12.07"]
[EventType "swiss"]
[EventRounds "7"]
[EventCountry "BOL"]
[SourceTitle "CB51_2023"]
[SourceDate "2023.12.20"]
[SourceVersion "1"]
[SourceVersionDate "2023.12.20"]
[SourceQuality "1"]

1. e4 e6 2. d4 d5 3. e5 c5 4. c3 Nc6 5. Nf3 Bd7 6. Be3 Nge7 7. Be2 Nf5 8. Qd2 Nxe3 9. Qxe3 Qb6 10. Nbd2 Rb8 11. Nb3 c4 12. Nc5 Bxc5 13. dxc5 Qxb2 14. 0-0 Ne7 15. Nd4 Qa3 16. Rfb1 Qxc5 17. Qg5 Ng6 18. Rb2 b5 19. a4 b4 20. Rab1 0-0 21. Rxb4 Rxb4 22. Rxb4 a5 23. Rb2 Qa3 24. Qc1 Nxe5 25. Rb1 Qxc1+ 26. Rxc1 Rb8 27. Bf3 Nxf3+ 28. Nxf3 Bxa4 29. h4 Bc6 0-1